| 000 | 00464cam a22001337a 4500 | ||
|---|---|---|---|
| 008 | 180718b2003 xxu||||| |||| 00| 0 eng d | ||
| 082 | _aAB L324r | ||
| 100 | _aLari, Sayyid Mujtaba Musavi | ||
| 245 |
_aResurrection judgement and the hereafter: lessons on islamic doctrine _cby Sayyid Mujtaba Musavi Lari |
||
| 250 | _a7th ed. | ||
| 260 |
_aQom, I.R. _bFoundation of Islamic Cultural Propagation in the World _c2003 |
||
| 300 | _a251p. | ||
| 650 | _aIslam - Doctrines | ||
| 999 |
_c492761 _d492761 |
||